Football : Les meilleurs buteurs de l'OM au 21ème siècle en LDC - Statistiques

Statistiques générales
  • Ce quiz a été pris 112 fois
  • Le résultat moyen est 5 sur 9
Statistiques - réponses
Buts Pays Joueur % Correct
5 Côte d'Ivoire Didier Drogba
94%
6 Ghana André Ayew
76%
6 Sénégal Mamadou Niang
71%
3 France André-Pierre Gignac
58%
3 France Mathieu Valbuena
41%
5 Argentine Lucho Gonzalez
39%
4 Brésil Brandao
31%
3 Argentine Gabriel Heinze
30%
4 France Loïc Remy
20%
Aucun quiz correspondant
Distribution des résultats
% des personnes avec chaque résultat
Percentile par nombre de réponses
Votre historique - résultats
Vous n’avez pas pris ce quiz